All Pennsylvania Cities on a Map - Statistics

General Stats
  • This quiz has been taken 59 times
  • The average score is 41 of 871
Answers on the Map
Answers color-coded by a green-red scale on the quiz's map according to % correct below.
 
Answer Stats
City Population % Correct
Erie 92,940
94%
Philadelphia 1,573,916
92%
Pittsburgh 307,668
92%
Harrisburg 50,649
85%
Allentown 127,138
83%
Scranton 75,905
83%
Lancaster 58,441
77%
State College 41,228
75%
Altoona 42,719
73%
Reading 96,000
71%
Wilkes-Barre 44,661
69%
Bethlehem 79,453
65%
Williamsport 27,628
63%
York 45,241
63%
Chester 34,052
58%
Gettysburg 8,647
54%
Johnstown 17,853
48%
Lebanon 26,456
42%
Butler 13,010
38%
Easton 30,432
38%
Washington 13,334
38%
West Chester 22,758
38%
Oil City 9,368
35%
Carlisle 22,517
33%
Hazleton 30,354
33%
Warren 9,125
33%
Chambersburg 23,041
31%
Mechanicsburg 10,085
29%
Jim Thorpe 4,543
27%
Monroeville 27,966
27%
Pottstown 23,553
27%
Stroudsburg 5,819
27%
Bloomsburg 13,286
25%
DuBois 7,302
25%
East Stroudsburg 9,445
25%
Lock Haven 8,531
25%
New Castle 21,332
25%
Danville 4,193
23%
St. Marys 12,361
23%
Bellefonte 5,986
21%
Clark 559
21%
McKeesport 17,119
21%
Bethel Park 32,376
19%
Bradford 7,538
19%
Carbondale 8,805
19%
Franklin 5,933
19%
Norristown 36,075
19%
Pittston 7,743
19%
Quakertown 9,302
19%
Sunbury 9,549
19%
Uniontown 9,554
19%
Aliquippa 9,003
17%
Elizabethtown 11,993
17%
Nazareth 6,088
17%
Pottsville 13,404
17%
Punxsutawney 5,587
17%
Sharon 12,744
17%
Beaver Falls 8,757
15%
Central City 969
15%
Coatesville 13,390
15%
Dauphin 796
15%
Greensburg 14,586
15%
Lewisburg 5,253
15%
Lititz 9,733
15%
Mansfield 2,937
15%
McKees Rocks 5,694
15%
Phoenixville 20,286
15%
Waynesboro 11,101
15%
Wyoming 3,151
15%
Camp Hill 8,231
13%
Centralia 4
13%
Hollidaysburg 5,537
13%
Honesdale 4,441
13%
Jersey Shore 4,100
13%
Kutztown 4,214
13%
Lewistown 8,394
13%
Meadville 12,347
13%
Nanticoke 10,730
13%
Tamaqua 6,944
13%
Titusville 5,155
13%
Clarks Summit 5,089
10%
Darby 86,045
10%
Edinboro 5,814
10%
Frackville 3,899
10%
Hamburg 4,552
10%
Hermitage 15,839
10%
Huntingdon 6,857
10%
Latrobe 7,906
10%
Lawrenceville 698
10%
Media 5,938
10%
Milton 6,483
10%
Mount Pocono 3,039
10%
Williamsburg 1,203
10%
Wyomissing 11,292
10%
Ambridge 6,886
8%
Bald Eagle 2,024
8%
California 4,628
8%
Conshohocken 9,342
8%
Coraopolis 5,340
8%
Corry 6,065
8%
Coudersport 2,310
8%
Denver 3,760
8%
Dunmore 14,249
8%
Emmaus 12,314
8%
Emporium 1,842
8%
Hawley 1,218
8%
Kennett Square 6,713
8%
Lehighton 5,262
8%
Mifflintown 824
8%
Montoursville 4,678
8%
Oakmont 6,628
8%
Ohiopyle 36
8%
Old Forge 8,654
8%
Selinsgrove 5,501
8%
Shamokin 6,787
8%
Smethport 1,380
8%
South Williamsport 6,176
8%
Steelton 6,358
8%
Wellsboro 3,422
8%
Alba 135
6%
Allison 229
6%
Bangor 5,171
6%
Beavertown 985
6%
Bellwood 1,764
6%
Blakely 6,659
6%
Braddock 1,669
6%
Brookville 3,899
6%
Charleroi 4,159
6%
Clairton 5,945
6%
Clarksville 185
6%
Collegeville 5,308
6%
Crafton 5,863
6%
Dickson City 6,010
6%
Downingtown 8,463
6%
East Pittsburgh 1,855
6%
Ebensburg 3,278
6%
Farrell 4,142
6%
Fox Chapel 5,185
6%
Grove City 7,749
6%
Hughesville 2,120
6%
Macungie 3,335
6%
Marietta 2,952
6%
Mars 1,415
6%
Martinsburg 1,823
6%
McConnellsburg 1,118
6%
Mifflinburg 3,470
6%
Milesburg 1,077
6%
Millersville 9,290
6%
Monaca 5,466
6%
Monessen 6,704
6%
Moosic 6,018
6%
Mount Oliver 3,259
6%
Murrysville 20,729
6%
Narberth 4,530
6%
New Hope 2,641
6%
Perkasie 9,338
6%
Port Matilda 584
6%
Red Lion 6,552
6%
Sayre 5,394
6%
Schuylkill Haven 5,273
6%
Shickshinny 633
6%
Swissvale 8,280
6%
Towanda 1,044
6%
Wall 495
6%
Waynesburg 3,701
6%
Wesleyville 3,135
6%
West Mifflin 18,902
6%
Wilson 8,169
6%
Windber 3,807
6%
Wormleysburg 3,096
6%
Zelienople 3,769
6%
Albion 1,496
4%
Alburtis 2,625
4%
Archbald 7,508
4%
Avoca 2,554
4%
Avondale 1,274
4%
Bellevue 7,996
4%
Ben Avon 1,841
4%
Big Beaver 1,832
4%
Blain 225
4%
Blairsville 3,211
4%
Carnegie 7,855
4%
Carnot-Moon 26,753
4%
Castle Shannon 8,094
4%
Cheswick 1,611
4%
Claysville 718
4%
Cornwall 4,660
4%
Dale 960
4%
Dallastown 4,211
4%
Dalton 1,293
4%
Dillsburg 2,651
4%
Dormont 7,922
4%
Dravosburg 1,552
4%
Duquesne 5,074
4%
Duryea 5,142
4%
Edgewood 3,032
4%
Elgin 199
4%
Elizabethville 1,352
4%
Emsworth 2,426
4%
Evans City 1,686
4%
Export 879
4%
Factoryville 1,122
4%
Forest City 1,748
4%
Forty Fort 4,281
4%
Franklin Park 15,079
4%
Hatboro 8,341
4%
Hellertown 6,145
4%
Highspire 2,734
4%
Homestead 2,852
4%
Ingram 3,256
4%
Jamestown 564
4%
Jeannette 8,566
4%
Jefferson Hills 12,291
4%
Jermyn 2,135
4%
Jonestown 1,654
4%
Kane 3,489
4%
Lake City 2,866
4%
Langhorne 1,634
4%
Lansdale 19,154
4%
Loganton 467
4%
Loretto 1,145
4%
Lower Burrell 11,542
4%
Mahanoy City 3,535
4%
Matamoras 2,449
4%
Millheim 833
4%
Millvale 3,255
4%
Monongahela 4,072
4%
Montrose 1,271
4%
Morrisville 9,745
4%
Moscow 2,020
4%
Munhall 10,371
4%
Myerstown 3,143
4%
New Brighton 5,517
4%
New Cumberland 7,625
4%
New Freedom 5,131
4%
New Holland 5,800
4%
New Stanton 2,311
4%
North Braddock 4,149
4%
Northumberland 3,835
4%
Northwest Harborcreek 16,695
4%
Nuangola 682
4%
Orangeville 476
4%
Orwigsburg 3,014
4%
Palo Alto 977
4%
Pen Argyl 3,484
4%
Port Carbon 1,810
4%
Prompton 236
4%
Quarryville 2,867
4%
Riverside 2,004
4%
Roaring Spring 2,297
4%
Saegertown 850
4%
Shamokin Dam 1,633
4%
Shanksville 190
4%
Sharpsville 4,127
4%
Shenandoah 4,156
4%
Throop 4,125
4%
Tidioute 608
4%
Turtle Creek 4,925
4%
Union City 2,857
4%
Union Dale 219
4%
Unionville 262
4%
Verona 2,403
4%
Watsontown 2,206
4%
Wattsburg 343
4%
Waymart 1,286
4%
Westmont 4,795
4%
West Newton 2,598
4%
West View 6,426
4%
White Haven 1,197
4%
Wilkinsburg 13,800
4%
Wilmerding 1,719
4%
Wrightsville 2,269
4%
Yardley 2,591
4%
Youngstown 244
4%
Youngsville 1,663
4%
Adamsburg 143
2%
Akron 4,123
2%
Aldan 4,277
2%
Alexandria 370
2%
Ambler 6,900
2%
Arendtsville 891
2%
Arnold 4,657
2%
Ashley 2,632
2%
Aspinwall 2,803
2%
Avalon 4,594
2%
Avis 1,467
2%
Barkeyville 184
2%
Bath 2,905
2%
Bear Lake 143
2%
Belle Vernon 988
2%
Bentleyville 2,335
2%
Bernville 914
2%
Biglerville 1,256
2%
Blawnox 1,400
2%
Bolivar 425
2%
Boyertown 4,324
2%
Brackenridge 3,125
2%
Braddock Hills 1,667
2%
Brentwood 9,704
2%
Bridgeville 4,620
2%
Brockway 2,226
2%
Brookhaven 8,407
2%
Brownstown 672
2%
Burnham 1,966
2%
Cambridge Springs 2,333
2%
Canonsburg 9,601
2%
Centre Hall 1,253
2%
Chadds Ford 4,001
2%
Chalfont 4,415
2%
Christiana 1,100
2%
Churchill 3,035
2%
Clarks Green 1,519
2%
Cleona 2,040
2%
Collingdale 8,956
2%
Connellsville 6,682
2%
Conway 2,130
2%
Coopersburg 2,534
2%
Coplay 3,555
2%
Cranesville 565
2%
Cressona 1,616
2%
Dayton 531
2%
Deer Lake 679
2%
Delaware Water Gap 665
2%
Delmont 2,621
2%
Donora 4,482
2%
Duncannon 1,471
2%
Duncansville 1,217
2%
Eagles Mere 154
2%
East Greenville 3,183
2%
East McKeesport 1,991
2%
East Petersburg 4,625
2%
Edgeworth 1,631
2%
Edwardsville 4,977
2%
Elverson 1,404
2%
Etna 3,304
2%
Everett 1,748
2%
Fallston 249
2%
Fayette City 485
2%
Flemington 1,268
2%
Ford City 2,763
2%
Forest Hills 6,186
2%
Fountain Hill 4,880
2%
Foxburg 180
2%
Frankstown 7,468
2%
Fredonia 421
2%
Galeton 955
2%
Glassport 4,298
2%
Glen Campbell 253
2%
Glen Rock 2,133
2%
Goldsboro 936
2%
Gratz 740
2%
Greencastle 4,226
2%
Greensboro 251
2%
Green Tree 4,751
2%
Harrisville 792
2%
Hartleton 248
2%
Hebron 578
2%
Homer City 1,725
2%
Houtzdale 739
2%
Hummelstown 4,542
2%
Jenkintown 4,740
2%
Johnsonburg 2,318
2%
Lampeter 17,345
2%
Lansdowne 11,225
2%
Leesport 1,972
2%
Lemoyne 4,824
2%
Lenhartsville 180
2%
Lilly 849
2%
Loyalhanna 2,054
2%
Lyons 446
2%
Mahaffey 313
2%
Malvern 3,454
2%
Manchester 8,703
2%
Marcus Hook 2,467
2%
Marysville 2,721
2%
Mayfield 1,766
2%
Mercersburg 1,493
2%
Meyersdale 2,007
2%
Middleburg 1,314
2%
Midland 2,366
2%
Millersburg 2,546
2%
Mill Hall 1,467
2%
Mill Village 384
2%
Millville 983
2%
Minersville 4,426
2%
Mohnton 2,949
2%
Mount Gretna 191
2%
Mount Jewett 830
2%
Mount Union 2,244
2%
New Alexandria 484
2%
New Bethlehem 954
2%
New Eagle 2,018
2%
New Kensington 11,877
2%
New Philadelphia 1,067
2%
Newry 225
2%
New Wilmington 2,089
2%
Northern Cambria 3,448
2%
North Irwin 813
2%
Norwood 5,969
2%
Nottingham 3,009
2%
Oakdale 1,427
2%
Olyphant 5,397
2%
Oxford 5,906
2%
Palmerton 5,634
2%
Parker 678
2%
Parkesburg 3,984
2%
Penbrook 3,263
2%
Pennsburg 4,079
2%
Petersburg 416
2%
Philipsburg 2,735
2%
Pitcairn 2,984
2%
Platea 434
2%
Pleasant Hills 8,318
2%
Port Allegany 2,054
2%
Port Clinton 282
2%
Portland 485
2%
Port Royal 796
2%
Port Vue 3,562
2%
Pottsgrove 12,978
2%
Rankin 1,910
2%
Renovo 1,051
2%
Ridley Park 7,310
2%
Rosslyn Farms 425
2%
Royersford 4,958
2%
Rutledge 788
2%
Saltsburg 768
2%
Scottdale 4,329
2%
Sharpsburg 3,063
2%
Shinglehouse 1,068
2%
Shippenville 443
2%
Sinking Spring 4,327
2%
Slatington 4,331
2%
Smithton 336
2%
Snydertown 316
2%
South Fork 917
2%
South Greensburg 2,104
2%
Spring City 3,925
2%
Stewartstown 2,222
2%
Swarthmore 6,596
2%
Swoyersville 5,092
2%
Tarentum 4,183
2%
Topton 2,063
2%
Tower City 1,436
2%
Townville 322
2%
Trappe 4,077
2%
Tullytown 2,258
2%
Turbotville 663
2%
Vandergrift 4,955
2%
Walnutport 2,100
2%
Warrior Run 538
2%
Weatherly 2,549
2%
West Conshohocken 1,508
2%
West Grove 2,831
2%
West Homestead 1,804
2%
West Middlesex 794
2%
West Pittston 4,699
2%
West Reading 4,600
2%
Wheatland 566
2%
Whitaker 1,135
2%
White Oak 7,352
2%
Williamstown 1,301
2%
Wilmore 200
2%
Wind Gap 3,625
2%
Windsor 7,738
2%
Yeadon 12,405
2%
Yoe 1,063
2%
Youngwood 2,906
2%
Abbottstown 1,047
0%
Allenport 474
0%
Alsace Manor 3,916
0%
Apollo 1,551
0%
Applewold 325
0%
Arona 247
0%
Ashville 208
0%
Atglen 1,320
0%
Atwood 106
0%
Austin 467
0%
Avonmore 883
0%
Baden 3,813
0%
Bally 1,234
0%
Beallsville 386
0%
Bear Creek Village 305
0%
Beaver Meadows 896
0%
Bechtelsville 887
0%
Bell Acres 1,468
0%
Ben Avon Heights 384
0%
Bendersville 760
0%
Benson 179
0%
Berrysburg 323
0%
Bessemer 1,043
0%
Bethany 239
0%
Big Run 622
0%
Birdsboro 5,163
0%
Blooming Valley 347
0%
Blossburg 1,509
0%
Bonneauville 1,806
0%
Boswell 1,197
0%
Bowmanstown 897
0%
Bradford Woods 1,141
0%
Branchdale 1,764
0%
Bridgeport 5,401
0%
Brisbin 408
0%
Broad Top City 361
0%
Bruin 402
0%
Bryn Athyn 1,314
0%
Burgettstown 1,401
0%
Callensburg 141
0%
Callery 346
0%
Callimont 53
0%
Carmichaels 401
0%
Carrolltown 1,008
0%
Carroll Valley 4,050
0%
Cassandra 155
0%
Casselman 117
0%
Cassville 133
0%
Catasauqua 6,625
0%
Cecil-Bishop 15,118
0%
Centerport 318
0%
Chalfant 718
0%
Cheltenham Village 38,840
0%
Cherry Valley 57
0%
Chester Heights 3,087
0%
Chester Hill 791
0%
Chest Springs 137
0%
Chicora 886
0%
Clarendon 395
0%
Clifton Heights 6,880
0%
Clintonville 429
0%
Coal Center 107
0%
Coalmont 87
0%
Coalport 415
0%
Cochranton 1,099
0%
Cokeburg 609
0%
Colwyn 2,483
0%
Confluence 701
0%
Conneaut Lake 612
0%
Conneautville 721
0%
Cooperstown 389
0%
Corsica 314
0%
Courtdale 703
0%
Creekside 285
0%
Cross Roads 543
0%
Curwensville 2,488
0%
Daisytown 284
0%
Dawson 338
0%
Deemston 740
0%
Delta 717
0%
Driftwood 36
0%
Duboistown 1,186
0%
Dudley 180
0%
Dunlevy 366
0%
Dupont 2,585
0%
Dushore 458
0%
East Bangor 1,111
0%
East Berlin 1,583
0%
East Brady 804
0%
East Butler 736
0%
East Conemaugh 1,052
0%
East Lansdowne 2,724
0%
East Prospect 962
0%
East Rochester 548
0%
East Side 255
0%
Eastvale 175
0%
East Vandergrift 580
0%
East Washington 1,821
0%
Eau Claire 295
0%
Eddystone 2,465
0%
Ehrenfeld 198
0%
Elco 257
0%
Elderton 320
0%
Ellport 1,087
0%
Ellsworth 902
0%
Enon Valley 295
0%
Ernest 420
0%
Everson 742
0%
Fairchance 1,816
0%
Fairhope 100
0%
Fawn Grove 478
0%
Felton 519
0%
Ferndale 1,501
0%
Finleyville 368
0%
Fleetwood 4,101
0%
Folcroft 6,827
0%
Ford Cliff 349
0%
Forksville 112
0%
Frankfort Springs 112
0%
Franklintown 554
0%
Frazer 1,226
0%
Freeburg 554
0%
Freeland 3,863
0%
Freemansburg 2,973
0%
Friendsville 98
0%
Garrett 411
0%
Geistown 2,296
0%
Georgetown 203
0%
Gilberton 588
0%
Girardville 1,322
0%
Glasgow 70
0%
Glendon 370
0%
Glenfield 200
0%
Glen Hope 123
0%
Glenolden 7,266
0%
Gordon 769
0%
Grampian 347
0%
Gray 172
0%
Green Hills 19
0%
Green Lane 487
0%
Hallam 2,808
0%
Hallstead 1,170
0%
Harveys Lake 2,862
0%
Hastings 1,177
0%
Haverford College 51,291
0%
Hawthorn 469
0%
Haysville 79
0%
Herndon 344
0%
Homewood 89
0%
Hookstown 127
0%
Hooversville 607
0%
Hop Bottom 316
0%
Houston 1,151
0%
Hughestown 1,357
0%
Hulmeville 988
0%
Hunker 302
0%
Hyde Park 497
0%
Hydetown 520
0%
Hyndman 855
0%
Indian Lake 390
0%
Industry 1,785
0%
Irvona 531
0%
Ivyland 952
0%
Jackson Center 186
0%
Jacobus 1,839
0%
Jeddo 109
0%
Jennerstown 664
0%
Juniata Terrace 553
0%
Karns City 166
0%
Kenhorst 3,034
0%
Kistler 284
0%
Knoxville 668
0%
Koppel 694
0%
Kulpmont 2,698
0%
Laceyville 359
0%
Laflin 1,467
0%
Landingville 137
0%
Landisburg 225
0%
Lanesboro 494
0%
Langhorne Manor 1,472
0%
Lansford 4,143
0%
Larksville 4,305
0%
Laureldale 4,344
0%
Laurel Mountain 143
0%
Laurel Run 571
0%
Lebanon South 10,634
0%
Leechburg 2,075
0%
Leetsdale 1,119
0%
Lewisberry 384
0%
Lewis Run 557
0%
Linesville 941
0%
Little Meadows 242
0%
Littlestown 4,917
0%
Loganville 1,443
0%
Long Branch 413
0%
Lorain 577
0%
Manns Choice 308
0%
Manorville 367
0%
Mapleton 406
0%
Marianna 388
0%
Marion Center 405
0%
Marion Heights 551
0%
Marklesburg 181
0%
Markleysburg 238
0%
Masontown 3,153
0%
Maxatawny 8,393
0%
McAdoo 2,474
0%
McClure 883
0%
McEwensville 286
0%
McSherrystown 3,161
0%
McVeytown 335
0%
Mechanicsville 455
0%
Middleport 362
0%
Midway 914
0%
Millbourne 1,217
0%
Millerstown 705
0%
Modena 546
0%
Mont Alto 1,563
0%
Morton 2,788
0%
Mount Carbon 89
0%
Mount Holly Springs 2,024
0%
Mount Penn 3,275
0%
Mountville 3,000
0%
Mount Wolf 1,439
0%
Nesquehoning 3,343
0%
New Albany 255
0%
New Baltimore 133
0%
New Beaver 1,342
0%
New Berlin 778
0%
New Buffalo 126
0%
Newburg 442
0%
New Centerville 123
0%
New Columbus 224
0%
Newell 495
0%
New Florence 655
0%
New Galilee 321
0%
New Lebanon 188
0%
New Morgan 51
0%
New Oxford 1,921
0%
New Paris 193
0%
New Ringgold 255
0%
New Salem 832
0%
Newton Hamilton 198
0%
Newville 1,412
0%
New Washington 52
0%
North Apollo 1,215
0%
North Belle Vernon 1,829
0%
North Catasauqua 3,126
0%
North Charleroi 1,279
0%
North Wales 3,450
0%
North York 2,268
0%
Ohioville 3,309
0%
Oklahoma 769
0%
Orbisonia 436
0%
Orrstown 213
0%
Osceola Mills 1,013
0%
Palmer Heights 22,606
0%
Parkside 2,335
0%
Parryville 412
0%
Patterson Heights 620
0%
Paxtang 1,640
0%
Penndel 2,525
0%
Penn Lake Park 379
0%
Pennsbury Village 650
0%
Perryopolis 1,621
0%
Petrolia 173
0%
Picture Rocks 632
0%
Pillow 291
0%
Plumsteadville 14,363
0%
Plumville 252
0%
Point Marion 1,112
0%
Portersville 225
0%
Pringle 909
0%
Prospect 1,082
0%
Prospect Park 6,452
0%
Railroad 257
0%
Rainsburg 139
0%
Ramey 423
0%
Red Hill 2,517
0%
Reynoldsville 2,482
0%
Rices Landing 395
0%
Richlandtown 1,345
0%
Riegelsville 842
0%
Rimersburg 929
0%
Ringtown 723
0%
Robesonia 2,173
0%
Rockhill 373
0%
Rockledge 2,641
0%
Rockwood 820
0%
Roscoe 703
0%
Roseto 1,564
0%
Rose Valley 1,020
0%
Roseville 176
0%
Rouseville 446
0%
Royalton 1,134
0%
Rural Valley 801
0%
Salladasburg 247
0%
Saltillo 303
0%
Sankertown 615
0%
Saxonburg 1,378
0%
Saxton 717
0%
Scalp Level 722
0%
Schellsburg 326
0%
Schwenksville 1,297
0%
Sellersville 4,538
0%
Seven Fields 2,861
0%
Seven Valleys 475
0%
Seward 399
0%
Sewickley Heights 824
0%
Sewickley Hills 687
0%
Shade Gap 77
0%
Sharon Hill 6,039
0%
Sheakleyville 146
0%
Shelocta 99
0%
Shillington 5,533
0%
Shippingport 152
0%
Shiremanstown 1,669
0%
Shirleysburg 134
0%
Shoemakersville 1,385
0%
Silverdale 801
0%
Sligo 671
0%
Smicksburg 56
0%
Souderton 7,274
0%
South Bethlehem 473
0%
South Coatesville 1,747
0%
South Connellsville 1,843
0%
South Heights 374
0%
Southmont 1,985
0%
South New Castle 636
0%
South Renovo 401
0%
South Waverly 1,068
0%
Southwest Greensburg 2,166
0%
Spartansburg 275
0%
Speers 1,061
0%
Springboro 369
0%
Spring Grove 2,521
0%
Starrucca 172
0%
St. Clairsville 75
0%
Stevens 417
0%
Stillwater 199
0%
St. Lawrence 1,962
0%
Stockdale 416
0%
Stockertown 913
0%
Stoneboro 923
0%
Stoystown 289
0%
St. Petersburg 330
0%
Strattanville 524
0%
Sugar Notch 1,009
0%
Summerville 500
0%
Summit Hill 3,135
0%
Sutersville 549
0%
Sweden Valley 844
0%
Sykesville 1,082
0%
Tatamy 1,390
0%
Terre Hill 1,290
0%
Thompsontown 635
0%
Thornburg 449
0%
Three Springs 432
0%
Timblin 143
0%
Trainer 1,984
0%
Troutville 226
0%
Trumbauersville 878
0%
Twilight 221
0%
Upland 3,076
0%
Ursina 234
0%
Utica 179
0%
Valencia 684
0%
Valley-Hi 9
0%
Vanderbilt 397
0%
Vandling 723
0%
Versailles 1,424
0%
Vintondale 403
0%
Volant 122
0%
Wallaceton 312
0%
Wampum 542
0%
Warminster Heights 33,474
0%
Washingtonville 208
0%
Weissport 412
0%
Wellersburg 207
0%
Wellsville 306
0%
Wernersville 2,807
0%
West Brownsville 967
0%
West Easton 1,246
0%
West Elizabeth 387
0%
West Hazleton 5,231
0%
West Kittanning 1,153
0%
West Leechburg 1,244
0%
West Liberty 323
0%
West Mayfield 1,165
0%
West Middletown 108
0%
Westover 345
0%
West Sunbury 176
0%
West Wyoming 2,685
0%
West York 5,127
0%
Wiconisco 1,168
0%
Winterstown 610
0%
Womelsdorf 2,952
0%
Woodbury 2,423
0%
Worthington 572
0%
Worthville 71
0%
Yatesville 646
0%
Yorkana 238
0%
York Haven 695
0%
York Springs 703
0%
No matching quizzes found
Score Distribution
Percent of People with Each Score
Percentile by Number Answered
Your Score History
You have not taken this quiz